<?xml version="1.0" encoding="UTF-8"?>
<collection xmlns="http://www.loc.gov/MARC21/slim">
 <record>
  <leader>01977nam a2200241Ia 4500</leader>
  <controlfield tag="001">CTU_158467</controlfield>
  <controlfield tag="008">210402s9999    xx            000 0 und d</controlfield>
  <datafield tag="020" ind1=" " ind2=" ">
   <subfield code="c">21.34</subfield>
  </datafield>
  <datafield tag="082" ind1=" " ind2=" ">
   <subfield code="a">305.800973</subfield>
  </datafield>
  <datafield tag="082" ind1=" " ind2=" ">
   <subfield code="b">D261</subfield>
  </datafield>
  <datafield tag="100" ind1=" " ind2=" ">
   <subfield code="a">Davis, F. James</subfield>
  </datafield>
  <datafield tag="245" ind1=" " ind2="0">
   <subfield code="a">Who Is Black :</subfield>
  </datafield>
  <datafield tag="245" ind1=" " ind2="0">
   <subfield code="b">one nation’s definition</subfield>
  </datafield>
  <datafield tag="245" ind1=" " ind2="0">
   <subfield code="c">F. James Davis</subfield>
  </datafield>
  <datafield tag="260" ind1=" " ind2=" ">
   <subfield code="a">University Park, Pa.</subfield>
  </datafield>
  <datafield tag="260" ind1=" " ind2=" ">
   <subfield code="b">Pennsylvania State University Press</subfield>
  </datafield>
  <datafield tag="260" ind1=" " ind2=" ">
   <subfield code="c">1991</subfield>
  </datafield>
  <datafield tag="520" ind1=" " ind2=" ">
   <subfield code="a">African Americans and white Americans have been inbreeding since the beginnings of slavery. Offspring of these matches were often defined by the &quot;one-drop rule&quot; (one drop of black blood made one black). Davis, a sociology professor, offers a well-researched history of this rule and its social and legal effects on the people of mixed race in America. Many were harassed by blacks because they were too light, while others tried to &quot;pass&quot; as white, ignoring the one-drop rule and, as a result, part of their heritage. Davis also compares the United States with other countries to see how they handled this issue. Though scholarly in tone, this fascinating book answers many questions but will leave readers with other questions that need to be answered. A definite addition to the available work on miscegenation and African American studies. For all academic libraries.  Danna C. Bell-Russel, Marymount Univ. Lib., Arlington, Va.</subfield>
  </datafield>
  <datafield tag="650" ind1=" " ind2=" ">
   <subfield code="a">African Americans,Racially mixed people,Racially mixed people,Miscegenation,Người Mỹ gốc Phi,Người pha lẫn các chủng tộc,Người pha lẫn các chủng tộc,Sự lai căng</subfield>
  </datafield>
  <datafield tag="650" ind1=" " ind2=" ">
   <subfield code="x">Race identity,Race identity,History,Sự thống nhất về chủng tộc,Sự thống nhất về chủng tộc,Lịch sử,Mối quan hệ chủng tộc</subfield>
  </datafield>
  <datafield tag="650" ind1=" " ind2=" ">
   <subfield code="z">United States,United States,United States,Mỹ,Mỹ</subfield>
  </datafield>
  <datafield tag="904" ind1=" " ind2=" ">
   <subfield code="i">Thùy, Năm</subfield>
  </datafield>
  <datafield tag="980" ind1=" " ind2=" ">
   <subfield code="a">Trung tâm Học liệu Trường Đại học Cần Thơ</subfield>
  </datafield>
 </record>
</collection>
